[Event "ch-CHN 2021"]
[Site "Xinghua CHN"]
[Date "2021.05.10"]
[Round "5.3"]
[White "Xu, Yinglun"]
[Black "Zhao, Jun"]
[Result "1-0"]
[WhiteTitle "GM"]
[BlackTitle "GM"]
[WhiteElo "2554"]
[BlackElo "2638"]
[WhiteFideId "8604940"]
[BlackFideId "8602522"]
[EventDate "2021.05.07"]

1. c4 e6 2. Nc3 d5 3. d4 Be7 4. Bf4 Nf6 5. e3 O-O 6. Nf3 Nbd7 7. a3 c5 8. cxd5
Nxd5 9. Nxd5 exd5 10. dxc5 Nxc5 11. Be2 Bf6 12. Be5 Bxe5 13. Nxe5 Bf5 14. Nf3
Be4 15. O-O Rc8 16. Rc1 Qf6 17. Qd4 Nb3 18. Qxf6 gxf6 19. Rxc8 Rxc8 20. Bd1 Nc5
21. Nd4 Nd3 22. b4 Ne5 23. Be2 Rc3 24. a4 Nc6 25. Nxc6 bxc6 26. Rd1 Ra3 27. b5
cxb5 28. axb5 Bc2 29. Rc1 Ra2 30. h4 Rb2 31. Bf3 Be4 32. Rc5 Kg7 33. Bh5 Bd3 34.
Rc7 Bg6 35. Bg4 h5 36. Bd7 Ra2 37. Bc6 Ra5 38. Kh2 Be4 39. Kg3 Bg6 40. f3 Kf8
41. Rd7 Ra3 42. Bxd5 Rd3 43. e4 Bxe4 44. Rxf7+ 1-0

[Event "ch-CHN 2021"]
[Site "Xinghua CHN"]
[Date "2021.05.10"]
[Round "5.4"]
[White "Xu, Xiangyu"]
[Black "Li, Di"]
[Result "1/2-1/2"]
[WhiteTitle "GM"]
[BlackTitle "GM"]
[WhiteElo "2573"]
[BlackElo "2561"]
[WhiteFideId "8608288"]
[BlackFideId "8607508"]
[EventDate "2021.05.07"]

1. Nf3 d5 2. g3 g6 3. Bg2 Bg7 4. d4 Nf6 5. O-O O-O 6. c4 c6 7. b3 dxc4 8. bxc4
c5 9. Bb2 Qb6 10. Qb3 cxd4 11. Bxd4 Qxb3 12. axb3 Nc6 13. Nc3 Bf5 14. e3 Rfd8
15. Rfd1 Bc2 16. Rdc1 Bxb3 17. Nd2 e5 18. Nxb3 exd4 19. Nxd4 Nxd4 20. exd4 Rxd4
21. Bxb7 Rb8 22. Nb5 Rxb7 23. Nxd4 Ne4 24. Nb5 Bxa1 25. Rxa1 Nd2 26. Rxa7 Rxa7
27. Nxa7 Nxc4 28. Nb5 h5 29. Kg2 Ne5 30. h4 Kg7 31. Nd4 1/2-1/2

[Event "ch-CHN 2021"]
[Site "Xinghua CHN"]
[Date "2021.05.10"]
[Round "5.5"]
[White "Liu, Yan"]
[Black "Ju, Wenjun"]
[Result "1-0"]
[WhiteTitle "GM"]
[BlackTitle "GM"]
[WhiteElo "2524"]
[BlackElo "2560"]
[WhiteFideId "8608962"]
[BlackFideId "8603006"]
[EventDate "2021.05.07"]

1. c4 e5 2. g3 Nf6 3. Bg2 Bc5 4. Nc3 c6 5. Nf3 e4 6. Nh4 d5 7. cxd5 cxd5 8. d3
Ng4 9. O-O g5 10. d4 Bb4 11. h3 gxh4 12. hxg4 hxg3 13. Qb3 Bxc3 14. bxc3 O-O 15.
c4 Qb6 16. Qxg3 Qg6 17. cxd5 Bxg4 18. f3 exf3 19. Bxf3 Bxf3 20. Rxf3 f5 21. Bh6
Re8 22. Kf2 Kh8 23. Qh2 Qa6 24. Re1 Nd7 25. Rg3 Rg8 26. Reg1 Rxg3 27. Rxg3 Rg8
28. Bf4 Re8 29. Qh5 Re7 30. d6 Re6 31. Bh6 f4 32. Rg1 f3 33. Bg7+ Kg8 34. Bf6+
Kf8 35. Qh6+ 1-0

[Event "ch-CHN 2021"]
[Site "Xinghua CHN"]
[Date "2021.05.11"]
[Round "6.2"]
[White "Ju, Wenjun"]
[Black "Bai, Jinshi"]
[Result "1/2-1/2"]
[WhiteTitle "GM"]
[BlackTitle "GM"]
[WhiteElo "2560"]
[BlackElo "2618"]
[WhiteFideId "8603006"]
[BlackFideId "8602280"]
[EventDate "2021.05.07"]

1. d4 d5 2. c4 c6 3. Nf3 Nf6 4. e3 g6 5. Nc3 Bg7 6. Be2 O-O 7. O-O Ne4 8. Qb3 b6
9. a4 dxc4 10. Bxc4 Nd6 11. Be2 c5 12. Rd1 Nc6 13. dxc5 bxc5 14. Qd5 Bb7 15.
Qxc5 Rc8 16. Qa3 Na5 17. Nd4 Qb6 18. Qa2 Rfd8 19. Bd2 Nac4 20. Be1 Qxb2 21. Bxc4
Nxc4 22. Qxb2 Nxb2 23. Rdb1 Nd3 24. Rxb7 Bxd4 25. exd4 Nxe1 26. Rxe1 Rxc3 27.
Rbxe7 Rxd4 28. Rxa7 Ra3 29. a5 Rda4 30. g3 Rxa5 31. Rxa5 1/2-1/2

[Event "ch-CHN 2021"]
[Site "Xinghua CHN"]
[Date "2021.05.11"]
[Round "6.3"]
[White "Li, Di"]
[Black "Liu, Yan"]
[Result "1-0"]
[WhiteTitle "GM"]
[BlackTitle "GM"]
[WhiteElo "2561"]
[BlackElo "2524"]
[WhiteFideId "8607508"]
[BlackFideId "8608962"]
[EventDate "2021.05.07"]

1. d4 Nf6 2. Nf3 e6 3. c4 b6 4. g3 Bb4+ 5. Bd2 Be7 6. Bg2 c6 7. Nc3 d5 8. cxd5
cxd5 9. Ne5 O-O 10. Rc1 Bb7 11. Qa4 Nfd7 12. Nd3 a6 13. O-O b5 14. Qd1 Nc6 15.
e3 Rc8 16. Ne2 a5 17. Nef4 b4 18. h4 Ba6 19. Qg4 Nf6 20. Qh3 Ne4 21. Rfd1 Bxd3
22. Nxd3 Nxd2 23. Rxd2 Bd6 24. Rdc2 Ne7 25. Rxc8 Nxc8 26. Qg4 Ne7 27. Qd1 Qd7
28. Nc5 Qa7 29. Qa4 Rc8 30. Bf1 Bxc5 31. Rxc5 Ra8 32. Bd3 g6 33. Qb5 Kg7 34. Kf1
Ng8 35. Qc6 Nf6 36. Qd6 Qd7 37. Qe5 Qd8 38. Ke2 Kg8 39. Qg5 Kg7 40. Qe5 Kg8 41.
Qc7 Qxc7 42. Rxc7 Kf8 43. f3 Ne8 44. Rc5 Ra7 45. g4 Nd6 46. e4 dxe4 47. fxe4 Ke7
48. Ke3 h6 49. h5 gxh5 50. Rxh5 a4 51. e5 Nb7 52. Rxh6 a3 53. b3 Na5 54. Rh8 Kd7
55. Rb8 Nc6 56. Rb5 Ne7 57. Bc4 Nc6 58. Ke4 Kc7 59. d5 exd5+ 60. Bxd5 1-0

[Event "ch-CHN 2021"]
[Site "Xinghua CHN"]
[Date "2021.05.11"]
[Round "6.4"]
[White "Zhao, Jun"]
[Black "Xu, Xiangyu"]
[Result "1-0"]
[WhiteTitle "GM"]
[BlackTitle "GM"]
[WhiteElo "2638"]
[BlackElo "2573"]
[WhiteFideId "8602522"]
[BlackFideId "8608288"]
[EventDate "2021.05.07"]

1. e4 c5 2. Nf3 d6 3. d4 cxd4 4. Nxd4 Nf6 5. Nc3 Nc6 6. Bg5 e6 7. Qd2 a6 8.
O-O-O Be7 9. f4 Bd7 10. Nf3 b5 11. Bxf6 gxf6 12. Kb1 Qb6 13. f5 O-O-O 14. g3 Kb8
15. fxe6 fxe6 16. Bh3 Bc8 17. Qg2 Rhe8 18. Ne2 Bf8 19. Nf4 Bh6 20. Rhe1 Qc5 21.
Nd3 Qh5 22. Qf1 Re7 23. Ng1 Bg7 24. Ne2 Rc7 25. Nef4 Qe8 26. Qf2 Bh6 27. Qb6+
Rb7 28. Qxa6 Ne5 29. Nb4 Bf8 30. Nfd3 Bd7 31. Nxe5 dxe5 32. Rxd7 Rdxd7 33. Nc6+
Kc7 34. Na5 Rb8 35. Bxe6 Rd2 36. Bd5 Qc8 37. Qc6+ Kd8 38. Qxf6+ Kc7 39. Nc6 Qg4
40. a3 Re8 41. Na7 Qd7 42. Qa6 Rxh2 43. Nxb5+ Kd8 44. Rf1 1-0

[Event "ch-CHN 2021"]
[Site "Xinghua CHN"]
[Date "2021.05.11"]
[Round "6.5"]
[White "Yu, Yangyi"]
[Black "Xu, Yinglun"]
[Result "1-0"]
[WhiteTitle "GM"]
[BlackTitle "GM"]
[WhiteElo "2709"]
[BlackElo "2554"]
[WhiteFideId "8603820"]
[BlackFideId "8604940"]
[EventDate "2021.05.07"]

1. Nf3 Nf6 2. g3 d5 3. Bg2 c6 4. O-O Bg4 5. h3 Bxf3 6. Bxf3 e5 7. d3 Bc5 8. c4
d4 9. Na3 Bxa3 10. bxa3 Nbd7 11. a4 O-O 12. Ba3 Re8 13. Rb1 Qc7 14. Qc2 Rab8 15.
Rb3 b6 16. c5 bxc5 17. Bxc5 Nd5 18. Bxd4 Nb4 19. Qd2 exd4 20. Rxb4 c5 21. Rc1
Rxb4 22. Qxb4 Rc8 23. Qb5 g6 24. Bg4 f5 25. Bf3 Kg7 26. a5 Qd6 27. Qb7 Rc7 28.
Qa8 Qa6 29. Qd8 Qxa5 30. Qe7+ Kh6 31. e3 Qb6 32. exd4 cxd4 33. Rxc7 Qxc7 34. Kg2
Qc8 35. Qh4+ 1-0

[Event "ch-CHN 2021"]
[Site "Xinghua CHN"]
[Date "2021.05.11"]
[Round "6.6"]
[White "Xu, Zhihang"]
[Black "Xu, Yi"]
[Result "1-0"]
[WhiteTitle "IM"]
[BlackTitle "GM"]
[WhiteElo "2506"]
[BlackElo "2527"]
[WhiteFideId "8611572"]
[BlackFideId "8605564"]
[EventDate "2021.05.07"]

1. d4 Nf6 2. c4 e6 3. Nf3 d5 4. Nc3 Bb4 5. Bg5 h6 6. Bxf6 Qxf6 7. Qa4+ Nc6 8. e3
O-O 9. Be2 Bd7 10. Qb3 dxc4 11. Qxc4 Qg6 12. O-O Bd6 13. Nh4 Qc2 14. Rab1 Na5
15. Qd3 Qxd3 16. Bxd3 Nc6 17. Rfd1 Rfd8 18. Be4 a6 19. Nf3 Rab8 20. a3 Be8 21.
Kf1 Ne7 22. Ne5 Bxe5 23. dxe5 Bc6 24. Ke2 Kf8 25. Bxc6 Nxc6 26. f4 Ke8 27. Ne4
Ne7 28. Rxd8+ Kxd8 29. b4 Nd5 30. Kf3 b6 31. g4 Ra8 32. a4 a5 33. b5 Ke7 34. Rc1
Rd8 35. h4 Rd7 36. h5 Nb4 37. Ke2 Kf8 38. Rc3 Na2 39. Rc4 Nb4 40. Rc1 Na2 41.
Rg1 Nb4 42. g5 Nd5 43. gxh6 gxh6 44. Rc1 Ke7 45. Kf3 Kf8 46. Nf6 Nxf6 47. exf6
Ke8 48. e4 Rd3+ 49. Ke2 Rd4 50. Ke3 Rxa4 51. Rxc7 Rb4 52. Re7+ Kf8 53. Rb7 Kg8
54. Rxb6 a4 55. Rb8+ Kh7 56. Rf8 Rxb5 57. Rxf7+ Kg8 58. Ra7 Rxh5 59. Rxa4 Rh3+
60. Kd4 Kf7 61. Ke5 Rh5+ 62. f5 exf5 63. Ra7+ 1-0

[Event "ch-CHN 2021"]
[Site "Xinghua CHN"]
[Date "2021.05.12"]
[Round "7.1"]
[White "Xu, Yi"]
[Black "Lu, Shanglei"]
[Result "1/2-1/2"]
[WhiteTitle "GM"]
[BlackTitle "GM"]
[WhiteElo "2527"]
[BlackElo "2615"]
[WhiteFideId "8605564"]
[BlackFideId "8603332"]
[EventDate "2021.05.07"]

1. e4 c5 2. Nf3 d6 3. d4 cxd4 4. Nxd4 Nf6 5. Nc3 a6 6. Bg5 e6 7. f4 Qb6 8. Qd2
Qxb2 9. Rb1 Qa3 10. f5 Nc6 11. fxe6 fxe6 12. Nxc6 bxc6 13. Bd3 Be7 14. e5 dxe5
15. O-O O-O 16. Qe1 Qa5 17. Qh4 Qxc3 18. Bxf6 Rxf6 19. Qxh7+ Kf8 20. Qh8+ Kf7
21. Qh5+ Kf8 22. Qh8+ Kf7 23. Qh5+ Kf8 24. Qh8+ 1/2-1/2

[Event "ch-CHN 2021"]
[Site "Xinghua CHN"]
[Date "2021.05.12"]
[Round "7.2"]
[White "Xu, Yinglun"]
[Black "Xu, Zhihang"]
[Result "1/2-1/2"]
[WhiteTitle "GM"]
[BlackTitle "IM"]
[WhiteElo "2554"]
[BlackElo "2506"]
[WhiteFideId "8604940"]
[BlackFideId "8611572"]
[EventDate "2021.05.07"]

1. c4 e5 2. Nc3 Nf6 3. Nf3 Nc6 4. g3 d5 5. cxd5 Nxd5 6. Bg2 Nb6 7. O-O Be7 8. a3
O-O 9. b4 Be6 10. d3 Nd4 11. Bb2 Nxf3+ 12. Bxf3 c6 13. Qc2 f6 14. Rfd1 Qe8 15.
Rab1 Qf7 16. Ba1 Rac8 17. Ne4 Ba2 18. Rb2 Bd5 19. Bg2 Nd7 20. Bh3 Be6 21. Bxe6
Qxe6 22. Nc5 Bxc5 23. bxc5 b6 24. cxb6 axb6 25. a4 Ra8 26. Rb4 Rfc8 27. Rc4 Ra5
28. d4 e4 29. d5 Rxd5 30. Rxd5 Qxd5 31. Rd4 Qf7 32. Rxe4 c5 33. Qd2 Re8 34.
Rxe8+ Qxe8 35. Qd5+ Qf7 36. Qd6 h6 37. Kg2 Qa2 38. Qxd7 Qxa1 39. Qd8+ Kh7 40.
Qd3+ Kh8 1/2-1/2

[Event "ch-CHN 2021"]
[Site "Xinghua CHN"]
[Date "2021.05.12"]
[Round "7.3"]
[White "Xu, Xiangyu"]
[Black "Yu, Yangyi"]
[Result "0-1"]
[WhiteTitle "GM"]
[BlackTitle "GM"]
[WhiteElo "2573"]
[BlackElo "2709"]
[WhiteFideId "8608288"]
[BlackFideId "8603820"]
[EventDate "2021.05.07"]

1. d4 Nf6 2. c4 e6 3. Nc3 Bb4 4. Nf3 d5 5. cxd5 exd5 6. Bf4 Ne4 7. Rc1 Nd7 8. g3
Nb6 9. Bg2 O-O 10. O-O Bxc3 11. bxc3 Re8 12. Re1 Bd7 13. Qb3 Ba4 14. Qb1 f6 15.
Nd2 Nxd2 16. Bxd2 Bc6 17. h4 Nc4 18. Qd3 Qd7 19. Bf4 Re7 20. Kh2 Qe6 21. Bf3
Rae8 22. Kg2 a6 23. h5 Qf7 24. Rh1 Kh8 25. Rce1 h6 26. Qb1 b6 27. Rh4 Bb7 28.
Rg4 f5 29. Rg6 Re6 30. Qc1 Rxg6 31. hxg6 Qxg6 32. Rh1 Re6 33. Bxc7 Kg8 34. Rh5
Qf6 35. Bf4 Bc6 36. Qh1 g5 37. Bc1 Rd6 38. Kg1 b5 39. Bg2 a5 40. a3 Kg7 41. Bf1
Be8 42. Rh2 Bf7 43. Qf3 Rc6 44. Qd3 Nd6 45. Bb2 Bg6 46. Qd1 f4 47. gxf4 Qxf4 48.
Rg2 Ne4 49. e3 Qf7 50. f3 Bh5 51. Be2 Nxc3 52. Bxc3 Rxc3 53. f4 Qc7 54. Kh2 Bg6
55. Qg1 Be4 56. Rf2 Rxe3 57. Qg4 b4 58. axb4 axb4 59. Kg1 b3 0-1

[Event "ch-CHN 2021"]
[Site "Xinghua CHN"]
[Date "2021.05.12"]
[Round "7.4"]
[White "Liu, Yan"]
[Black "Zhao, Jun"]
[Result "1/2-1/2"]
[WhiteTitle "GM"]
[BlackTitle "GM"]
[WhiteElo "2524"]
[BlackElo "2638"]
[WhiteFideId "8608962"]
[BlackFideId "8602522"]
[EventDate "2021.05.07"]

1. c4 c5 2. g3 g6 3. Bg2 Bg7 4. Nc3 Nc6 5. Nf3 d6 6. O-O Bd7 7. e3 Nf6 8. d4 O-O
9. b3 Qc8 10. Bb2 Bg4 11. Qd2 e5 12. d5 Ne7 13. e4 h5 14. Kh1 Nh7 15. Ng1 h4 16.
h3 Bd7 17. f4 hxg3 18. Nce2 b5 19. fxe5 dxe5 20. Nxg3 bxc4 21. bxc4 Qa6 22. Nf3
Qd6 23. Rae1 Nc8 24. Qa5 Nb6 25. Ba3 Rfc8 26. Qc3 Rc7 27. Nd2 Rf8 28. Qd3 Bc8
29. Nb3 Ba6 30. Na5 Qd7 31. Qc2 Ng5 32. Kh2 Bc8 33. Bc1 Nh7 34. Rf3 Qd8 35. Qf2
Ng5 36. Rb3 Bf6 37. Nc6 Rxc6 38. dxc6 Ne6 39. Rf1 Bg7 40. Ba3 Nxc4 41. Bxc5 Nxc5
42. Qxc5 Nd2 43. Qxa7 Nxf1+ 44. Nxf1 Bh6 45. c7 Bf4+ 46. Kh1 Qd4 47. Qa3 Kg7 48.
Rd3 Qb6 49. Qe7 Qf6 50. Qxf6+ Kxf6 51. Ne3 Bxe3 52. Rxe3 Ke7 53. Rc3 Kd6 54. Kh2
Bb7 55. Kg3 Rc8 56. h4 Rxc7 57. Rxc7 Kxc7 58. Kg4 f6 59. h5 Bc8+ 60. Kh4 gxh5
61. Kxh5 f5 1/2-1/2

[Event "ch-CHN 2021"]
[Site "Xinghua CHN"]
[Date "2021.05.12"]
[Round "7.5"]
[White "Bai, Jinshi"]
[Black "Li, Di"]
[Result "0-1"]
[WhiteTitle "GM"]
[BlackTitle "GM"]
[WhiteElo "2618"]
[BlackElo "2561"]
[WhiteFideId "8602280"]
[BlackFideId "8607508"]
[EventDate "2021.05.07"]

1. d4 Nf6 2. c4 e6 3. Nc3 Bb4 4. e3 O-O 5. Bd3 d5 6. a3 Bxc3+ 7. bxc3 dxc4 8.
Bxc4 c5 9. Bd3 Qc7 10. Bb2 e5 11. dxe5 Ng4 12. c4 Nxe5 13. Bxh7+ Kxh7 14. Qh5+
Kg8 15. Qxe5 Qxe5 16. Bxe5 Nc6 17. Nf3 Rd8 18. Bc3 Be6 19. Nd2 Rd3 20. Rc1 Rad8
21. h4 Bg4 22. Nf3 f6 23. O-O Kf7 24. Rc2 b6 25. Rfc1 Rd1+ 26. Be1 Bf5 27. Rc3
Na5 28. Kh2 Be6 29. a4 Rxc1 30. Rxc1 Nxc4 31. Bc3 a6 32. Ne1 b5 33. axb5 axb5
34. Nc2 Rb8 35. Be1 b4 36. Na1 b3 37. Nxb3 Rxb3 38. e4 Rb7 39. f4 Nb2 40. f5 Bb3 0-1

[Event "ch-CHN 2021"]
[Site "Xinghua CHN"]
[Date "2021.05.12"]
[Round "8.1"]
[White "Lu, Shanglei"]
[Black "Ju, Wenjun"]
[Result "1/2-1/2"]
[WhiteTitle "GM"]
[BlackTitle "GM"]
[WhiteElo "2615"]
[BlackElo "2560"]
[WhiteFideId "8603332"]
[BlackFideId "8603006"]
[EventDate "2021.05.07"]

1. e4 e5 2. Bc4 Nf6 3. d3 c6 4. Nf3 d5 5. Bb3 a5 6. a4 Bb4+ 7. c3 Bd6 8. exd5
cxd5 9. Bg5 Be6 10. Na3 Nbd7 11. Nb5 Bb8 12. O-O O-O 13. Re1 Re8 14. Nd2 h6 15.
Bh4 Nc5 16. Bc2 Bd7 17. d4 exd4 18. Rxe8+ Qxe8 19. Nxd4 Nfe4 20. Nf1 Qe5 21. f3
Nf6 22. Qd2 Ba7 23. Bf2 Ne6 24. Re1 Qc7 25. Ng3 Nxd4 26. Bxd4 Bxd4+ 27. Qxd4 Ra6
28. Bd3 Re6 29. Kf2 b6 30. b3 Qd6 31. Re3 Kf8 32. h4 Qc5 33. Ne2 Ke7 34. g4 g6
35. Qf4 Rxe3 36. Qxe3+ Qxe3+ 37. Kxe3 Kd6 1/2-1/2

[Event "ch-CHN 2021"]
[Site "Xinghua CHN"]
[Date "2021.05.12"]
[Round "8.3"]
[White "Zhao, Jun"]
[Black "Bai, Jinshi"]
[Result "1-0"]
[WhiteTitle "GM"]
[BlackTitle "GM"]
[WhiteElo "2638"]
[BlackElo "2618"]
[WhiteFideId "8602522"]
[BlackFideId "8602280"]
[EventDate "2021.05.07"]

1. e4 e5 2. Nf3 Nf6 3. Nxe5 d6 4. Nf3 Nxe4 5. d3 Nf6 6. d4 d5 7. Bd3 Bd6 8. O-O
O-O 9. h3 h6 10. Nc3 Re8 11. Nb5 Bf8 12. Bf4 Na6 13. Ne5 c6 14. Nc3 Nb4 15. Be2
Bf5 16. a3 Na6 17. Bxa6 bxa6 18. Na4 Nd7 19. Nxc6 Qc8 20. Nb4 Bxb4 21. axb4 Bxc2
22. Qg4 Re4 23. Qg3 Rxd4 24. Rac1 Rd3 25. f3 Qc4 26. Kh2 Kh7 27. Nc5 Nxc5 28.
bxc5 Qa4 29. c6 Bb3 30. Bb8 Bc4 31. c7 Qd7 32. Qf4 Rb3 33. Rxc4 1-0

[Event "ch-CHN 2021"]
[Site "Xinghua CHN"]
[Date "2021.05.12"]
[Round "8.4"]
[White "Yu, Yangyi"]
[Black "Liu, Yan"]
[Result "1-0"]
[WhiteTitle "GM"]
[BlackTitle "GM"]
[WhiteElo "2709"]
[BlackElo "2524"]
[WhiteFideId "8603820"]
[BlackFideId "8608962"]
[EventDate "2021.05.07"]

1. d4 Nf6 2. g3 d5 3. Nf3 c6 4. c4 Bf5 5. Nc3 e6 6. Qb3 Qb6 7. c5 Qc7 8. Nh4 Bg6
9. Bf4 Qc8 10. Nxg6 hxg6 11. Bg2 Nbd7 12. O-O Be7 13. Qc2 b6 14. b4 a5 15. a3
O-O 16. e4 axb4 17. axb4 bxc5 18. bxc5 dxe4 19. Nxe4 Nd5 20. Nd6 Qd8 21. Bxd5
exd5 22. Qb2 Bxd6 23. Bxd6 Re8 24. Qb7 Rxa1 25. Rxa1 Qc8 26. Qxc8 Rxc8 27. f3
Nf8 28. Kf2 Re8 29. f4 Nh7 30. Ra6 Rc8 31. Be7 Nf6 32. Bxf6 gxf6 33. Ke3 Kf8 34.
Kd3 Rc7 35. Kc3 Ke7 36. Kb4 Kd7 37. Ka5 Rb7 38. Ra8 Rb5+ 39. Ka6 Rb4 40. Ra7+
Ke6 41. Rc7 Rxd4 42. Kb7 Rc4 43. Kxc6 d4 44. Rc8 Ke7 45. Rc7+ Ke6 46. f5+ gxf5
47. Rd7 Rxc5+ 48. Kxc5 Kxd7 49. Kxd4 Ke6 50. Ke3 Ke5 1-0

[Event "ch-CHN 2021"]
[Site "Xinghua CHN"]
[Date "2021.05.12"]
[Round "8.5"]
[White "Xu, Zhihang"]
[Black "Xu, Xiangyu"]
[Result "1/2-1/2"]
[WhiteTitle "IM"]
[BlackTitle "GM"]
[WhiteElo "2506"]
[BlackElo "2573"]
[WhiteFideId "8611572"]
[BlackFideId "8608288"]
[EventDate "2021.05.07"]

1. d4 Nf6 2. c4 e6 3. Nf3 d5 4. Nc3 c5 5. cxd5 Nxd5 6. e4 Nxc3 7. bxc3 cxd4 8.
cxd4 Bb4+ 9. Bd2 Bxd2+ 10. Qxd2 O-O 11. Bc4 Nd7 12. O-O b6 13. Rfe1 Bb7 14. d5
exd5 15. Bxd5 Nc5 16. Rad1 Re8 17. h3 Bxd5 18. exd5 Qd6 19. Re3 h6 20. Qd4 Rxe3
21. Qxe3 Kf8 22. Ne5 Re8 23. Nc4 Rxe3 24. Nxd6 Rd3 25. Re1 Kg8 26. Nc8 Kf8 27.
Nd6 Kg8 28. Nc8 Kf8 29. Nd6 Kg8 30. Nc8 Kf8 1/2-1/2

[Event "ch-CHN 2021"]
[Site "Xinghua CHN"]
[Date "2021.05.12"]
[Round "8.6"]
[White "Xu, Yi"]
[Black "Xu, Yinglun"]
[Result "1-0"]
[WhiteTitle "GM"]
[BlackTitle "GM"]
[WhiteElo "2527"]
[BlackElo "2554"]
[WhiteFideId "8605564"]
[BlackFideId "8604940"]
[EventDate "2021.05.07"]

1. e4 e6 2. d4 d5 3. Nc3 Nf6 4. e5 Nfd7 5. f4 c5 6. Nf3 Nc6 7. Be3 a6 8. Ne2 Qb6
9. Qc1 f6 10. c3 Be7 11. h4 O-O 12. h5 h6 13. Rh3 Rf7 14. Kf2 fxe5 15. fxe5 Bg5
16. Kg1 Bxe3+ 17. Qxe3 Qxb2 18. Re1 Ne7 19. Nh4 Nf8 20. Rg3 Kh8 21. Nf4 cxd4 22.
cxd4 Bd7 23. Nfg6+ Nfxg6 24. Nxg6+ Kg8 25. Nxe7+ Rxe7 26. Bd3 Kh8 27. Rb1 Qxa2
28. Rxb7 Qa4 29. Rf3 Qd1+ 30. Kf2 Kg8 31. Kg3 Qa4 32. Qf4 Qa5 33. Kh2 Qd8 34.
Rb1 Bb5 35. Bg6 Kh8 36. Rb2 Qg8 37. Rbf2 a5 38. Qc1 Rb7 39. g4 Qd8 40. g5 hxg5
41. Qc5 Rbb8 42. Rf7 g4 43. Kg3 Bc4 44. Kxg4 Rc8 45. Qa3 Kg8 46. Qe3 Rc7 47. h6
Rxf7 48. Rxf7 Rb8 49. hxg7 Qb6 50. Qf4 Qb4 51. Kg5 Qa3 52. Kh6 Qh3+ 53. Bh5 1-0

[Event "ch-CHN 2021"]
[Site "Xinghua CHN"]
[Date "2021.05.13"]
[Round "9.1"]
[White "Xu, Yinglun"]
[Black "Lu, Shanglei"]
[Result "1/2-1/2"]
[WhiteTitle "GM"]
[BlackTitle "GM"]
[WhiteElo "2554"]
[BlackElo "2615"]
[WhiteFideId "8604940"]
[BlackFideId "8603332"]
[EventDate "2021.05.07"]

1. c4 e6 2. Nc3 d5 3. d4 Nf6 4. Bg5 Nbd7 5. e3 h6 6. Bh4 Be7 7. Nf3 O-O 8. Rc1
c5 9. dxc5 dxc4 10. c6 bxc6 11. Bxc4 Nb6 12. Qxd8 Rxd8 13. Be2 c5 14. Ne5 Bb7
15. Bf3 Bxf3 16. Nxf3 a5 17. Bxf6 Bxf6 18. Ke2 a4 19. Rc2 c4 20. Rb1 a3 21. bxa3
Rxa3 22. Rxb6 Rxc3 23. Rxc3 Bxc3 24. Rc6 Ra8 25. Rxc4 Rxa2+ 26. Kf1 Ra1+ 27. Ke2
Ra2+ 28. Kf1 Ra1+ 29. Ke2 Ra2+ 30. Kf1 Ra1+ 1/2-1/2

[Event "ch-CHN 2021"]
[Site "Xinghua CHN"]
[Date "2021.05.13"]
[Round "9.2"]
[White "Xu, Xiangyu"]
[Black "Xu, Yi"]
[Result "1/2-1/2"]
[WhiteTitle "GM"]
[BlackTitle "GM"]
[WhiteElo "2573"]
[BlackElo "2527"]
[WhiteFideId "8608288"]
[BlackFideId "8605564"]
[EventDate "2021.05.07"]

1. d4 Nf6 2. c4 e6 3. Nc3 Bb4 4. Nf3 d5 5. Bg5 h6 6. Bxf6 Qxf6 7. e3 O-O 8. Qb3
c5 9. cxd5 exd5 10. dxc5 Bxc3+ 11. Qxc3 Qxc3+ 12. bxc3 Be6 13. Nd4 Rc8 14. Bb5
Rxc5 15. Kd2 Rc7 16. Rhb1 Nd7 17. Bxd7 Bxd7 18. a4 Kf8 19. a5 Ke7 20. Ra3 Rb8
21. Rb4 h5 22. h4 g6 23. Rab3 Kd6 24. Nb5+ Bxb5 25. Rxb5 Kc6 26. Kd3 Kd6 27.
R3b4 Rbc8 28. Rb3 Rb8 29. g3 f6 30. R3b4 Rbc8 31. Rb3 Rb8 32. R3b4 Rbc8 33. Rb3 1/2-1/2

[Event "ch-CHN 2021"]
[Site "Xinghua CHN"]
[Date "2021.05.13"]
[Round "9.3"]
[White "Liu, Yan"]
[Black "Xu, Zhihang"]
[Result "1-0"]
[WhiteTitle "GM"]
[BlackTitle "IM"]
[WhiteElo "2524"]
[BlackElo "2506"]
[WhiteFideId "8608962"]
[BlackFideId "8611572"]
[EventDate "2021.05.07"]

1. c4 c5 2. g3 g6 3. Bg2 Bg7 4. Nc3 Nc6 5. Nf3 e6 6. d4 cxd4 7. Nb5 d5 8. cxd5
exd5 9. Nfxd4 Nge7 10. O-O a6 11. Nxc6 Nxc6 12. Nc3 d4 13. Ne4 h6 14. Bf4 O-O
15. h4 Bg4 16. Qd2 Qa5 17. Qxa5 Nxa5 18. Rfe1 Kh7 19. Nd6 Ra7 20. Rac1 b5 21.
Be4 Be6 22. Bd3 Rd7 23. b4 Nb7 24. Nxb7 Rxb7 25. Rc6 Ra8 26. h5 Bf5 27. hxg6+
Bxg6 28. Bd2 Re7 29. Rec1 Raa7 30. Kf1 Re5 31. Rd6 Bxd3 32. exd3 Rh5 33. Kg2 Re7
34. Rxa6 Re2 35. Bf4 Bf8 36. Rc7 Rf5 37. Kf3 Re7 38. Rc5 1-0

[Event "ch-CHN 2021"]
[Site "Xinghua CHN"]
[Date "2021.05.13"]
[Round "9.4"]
[White "Bai, Jinshi"]
[Black "Yu, Yangyi"]
[Result "1/2-1/2"]
[WhiteTitle "GM"]
[BlackTitle "GM"]
[WhiteElo "2618"]
[BlackElo "2709"]
[WhiteFideId "8602280"]
[BlackFideId "8603820"]
[EventDate "2021.05.07"]

1. d4 Nf6 2. c4 e6 3. Nc3 Bb4 4. Nf3 d5 5. Bg5 Nbd7 6. e3 c5 7. cxd5 exd5 8. Bd3
c4 9. Bf5 O-O 10. O-O Bxc3 11. bxc3 h6 12. Bxd7 Bxd7 13. Bxf6 Qxf6 14. Qb1 b5
15. Ne5 Qd6 16. e4 Rfb8 17. exd5 Qxd5 18. Nxd7 Qxd7 19. Qe4 Re8 20. Qf3 a5 21.
a3 Rab8 22. Rfe1 b4 23. axb4 axb4 24. cxb4 Qxd4 25. g3 c3 26. Rxe8+ Rxe8 27. Qc6
Re6 28. Qc5 Qxc5 29. bxc5 Rc6 30. Rc1 Rxc5 31. Kf1 Kh7 32. Ke2 Kg6 33. Kd3 Kf5
34. f3 Rd5+ 35. Ke3 Re5+ 36. Kd3 Rd5+ 37. Ke3 Rc5 38. Kd4 Ra5 39. Rxc3 Ra2 40.
h4 Rg2 41. Rc5+ Kf6 42. Rc6+ 1/2-1/2

[Event "ch-CHN 2021"]
[Site "Xinghua CHN"]
[Date "2021.05.13"]
[Round "9.6"]
[White "Ju, Wenjun"]
[Black "Li, Di"]
[Result "1/2-1/2"]
[WhiteTitle "GM"]
[BlackTitle "GM"]
[WhiteElo "2560"]
[BlackElo "2561"]
[WhiteFideId "8603006"]
[BlackFideId "8607508"]
[EventDate "2021.05.07"]

1. d4 Nf6 2. c4 b6 3. g3 Bb7 4. Nf3 g6 5. Bg2 Bg7 6. O-O O-O 7. d5 Qe8 8. Nc3 e5
9. Nb5 Na6 10. a4 d6 11. Ne1 Qe7 12. a5 Nd7 13. e4 c6 14. dxc6 Bxc6 15. Nc2 Ndc5
16. axb6 axb6 17. Qe2 Nc7 18. Rxa8 Rxa8 19. Nxc7 Qxc7 20. Nb4 Bb7 21. Nd5 Bxd5
22. cxd5 Qd7 23. Be3 Qa4 24. Rc1 Qb4 25. Rc4 Qb3 26. Rc3 Qb4 27. Rc4 Qb3 28. Rc3
Qb4 29. Rc4 1/2-1/2